Pays commençant par T - Statistiques

Statistiques générales
  • Ce quiz a été pris 110 fois
  • Le résultat moyen est 9 sur 13
Statistiques - réponses
Réponse % Correct
Turquie
93%
Togo
82%
Turkménistan
82%
Tunisie
80%
Tanzanie
79%
Tadjikistan
78%
Thailande
74%
Tuvalu
69%
Tonga
63%
Timor
59%
Trinité-et-Tobago
59%
Taiwan
50%
Tchad
50%
Aucun quiz correspondant
Distribution des résultats
% des personnes avec chaque résultat
Percentile par nombre de réponses
Votre historique - résultats
Vous n’avez pas pris ce quiz